| 000 | 00728nam a2200253 i 4500 | ||
|---|---|---|---|
| 001 | 000022055 | ||
| 003 | DO-SdBNP | ||
| 005 | 20250917092812.0 | ||
| 007 | ta | ||
| 008 | 100916s19uu dr c 000 0 spa d | ||
| 040 |
_aDO-SdBNP _bspa _cBNPHU _erda |
||
| 041 | _aspa | ||
| 082 | 4 |
_axxx _bA836a _222 |
|
| 100 | 1 |
_aAsmar Sánchez, Alejandro _920153 _eautor |
|
| 245 | 1 | 3 |
_aEl árbitro / _cAlejandro Asmar Sánchez. |
| 264 |
_aSanto Domingo : _bCenturión, _c[fecha no identificada] |
||
| 300 |
_a92 páginas : _bretratos. ; _c21 cm. |
||
| 336 |
_2rdacontent _atexto _btxt |
||
| 337 |
_2rdamedia _asin mediación _bn |
||
| 338 |
_2rdacarrier _avolumen _bnc |
||
| 590 | _aInventariado, 2024/BT | ||
| 910 | _aBT | ||
| 942 |
_2ddc _cLBS1 |
||
| 999 |
_c21553 _d21553 |
||